000 00881cam a2200193 4500
001 ABS66264
008 021217n2002 000 0 eng u
035 _a(Sirsi) u120817
100 _aPickering, G
245 _aRun for cover
260 _c2002
490 _aSolicitors' Journal
_v146(43) 15 November 2002, 1031-1032(2)
520 _aAdvises on considerations to be taken when choosing a business insurance policy. Recommends items to be considered are expert advice, quality of insurer, valuation, construction, subsidence, tax due on claims payments, fire prevention, flood, contents and complaints procedure. Concludes that a client's business could be at risk because of an inadequate insurance policy, so care should be taken when choosing one.
590 _aABS
650 _aINSURANCE POLICIES
690 _aINSURANCE
_96249
700 _aWilson, M.
942 _n0
999 _c71797
_d71797